Statistiques concernant Les rois de Belgique

Cliquez ici pour prendre le quiz!

Statistiques générales

  • Ce quiz a été pris 216 fois
  • Le résultat moyen est 5 sur 7

Statistiques - réponses

Hint Answer % Correct
SeptiemePhilippe
92%
1erLéopold I
82%
2emeLéopold II,
81%
QuatriemeLéopold III
77%
SiemeAlbert II
75%
TroisiemeAlbert Ier
54%
CinquiemeBaudouin Ier
42%

Distribution des résultats

Percentile by Number Answered

% des personnes avec chaque résultat

Votre développement - résultats

Vous n’avez pas pris ce quiz